GL Dramas by Main Couple Picture #1 - Statistics

General Stats
  • This quiz has been taken 45 times
  • The average score is 9 of 12
Answer Stats
Picture Answer % Correct
GAP
90%
Us
90%
Affair
86%
Pluto
86%
Blank
79%
The Secret of Us
79%
Whale Store xoxo
76%
Harmony Secret
72%
Roller Coaster
72%
Show Me Love
69%
Mate
66%
Queendom
66%
No matching quizzes found
Score Distribution
Percent of People with Each Score
Percentile by Number Answered
Your Score History
You have not taken this quiz